000
00315nam a2200109Ia 4500
008
180323s9999 xx 000 0 und d
020
_a
9789712359200
100
_a
Paler-Calmorin, Laurentina
245
_a
Assessment of student learning 2 /
260
_a
Quezon City :
_b
2011
_c
REX printing
300
_a
iii, 232 pages
999
_c
356370
_d
356370